Propuesta de un plan estratégico de mercadeo para la empresa servicios y químicos industriales S.A. SERVIQUINSA, ubicada en la ciudad de Managua, para el período 2018-2021

Tiene como objetivo presentar acciones para una mayor participación de mercado, se propone un plan de acción donde se muestran las estrategias que ayudaran a incrementar la participación en el mercado meta.

Bibliographic Details
Main Authors: López Avilés, Michael Danilo, Vílchez Torres, Marcos Luis
Other Authors: Tutor: Aguilera López, Roberto José
Format: Tesis Section = Libro
Language:Undetermined
Spanish
Published: Managua UNI 2019
Subjects:
LEADER 01149nam a2200265Ia 4500
008 240830s9999 xx 000 0 und d
040 |a BIBLIOTECA-RUSB/ M.Mon 658.835 L864 
041 |a spa 
082 |a M.Mon 658.835 L864 
100 1 |a López Avilés, Michael Danilo 
100 1 |b Vílchez Torres, Marcos Luis 
245 1 0 |a Propuesta de un plan estratégico de mercadeo para la empresa servicios y químicos industriales S.A. SERVIQUINSA, ubicada en la ciudad de Managua, para el período 2018-2021 
260 |a Managua  |b UNI  |c 2019 
300 |a 69 p. :il. 
500 |a Contiene: anexos y CD. 
502 |a Tesis (Máster en Gestión Empresarial) - UNI, 2019. 
520 3 |a Tiene como objetivo presentar acciones para una mayor participación de mercado, se propone un plan de acción donde se muestran las estrategias que ayudaran a incrementar la participación en el mercado meta. 
650 7 |a MERCADEO- PLANEACION 
650 7 |b  ESTRATEGIA ADMINISTRATIVA 
650 7 |c  PROMOCION DE VENTAS 
650 7 |d  MERCADOTECNIA 
700 1 |a Tutor:  |b Aguilera López, Roberto José 
942 |c BK  |2 ddc 
991 |a TESIS 
999 |c 19519